[Event "Utrecht OKU op-B"]
[Site "Utrecht"]
[Date "2000.05.19"]
[Round "1"]
[White "Bensdorp, Marlies"]
[Black "Dirkse, G."]
[Result "1-0"]
[WhiteElo "1669"]
[BlackElo "1650"]
[PlyCount "59"]
[EventDate "2000.05.??"]
[EventType "swiss"]
[EventRounds "6"]
[EventCountry "NED"]
[SourceTitle "EXT 2002"]
[Source "ChessBase"]
[SourceDate "2001.11.25"]
[SourceVersion "1"]
[SourceVersionDate "2001.11.25"]
[SourceQuality "1"]

1. d4 Nf6 2. c4 e5 3. dxe5 Ng4 4. Nf3 Nc6 5. Bg5 Be7 6. Bf4 Bb4+ 7. Nbd2 Qe7 8. a3 Ncxe5 9. Nxe5 Nxe5 10. e3 Bxd2+ 11. Qxd2 d6 12. Be2 0-0 13. 0-0 Ng6 14. Bg3 Nh4 15. Rac1 Qe4 16. f3 Qe7 17. e4 Kh8 18. Rfe1 f5 19. Bd3 f4 20. Bxf4 Ng6 21. Bg3 Qf6 22. c5 dxc5 23. Rxc5 c6 24. Rd1 Qf7 25. Bc4 Qe8 26. Bb3 Be6 27. Bxe6 Qxe6 28. Qd7 Qb3 29. Qd2 Qb6 30. Qf2 1-0